B2B marketingstratégiák a rendezvényszervezésben – Congressline Kft.

Bibliográfiai részletek
Szerző: Szép Virág Csenge
További közreműködők: Róbert Nóra
Dokumentumtípus: Projektmunka
Kulcsszavak:B2B marketing
marketingstratégia elemzés
márkaépítés b2b környezetben
rendezvénymarketing
üzleti rendezvényszervezés
Online Access:http://dolgozattar.uni-bge.hu/59775

MARC

LEADER 00000nnm a2200000 i 4500
001 dolg59775
005 20260409145540.0
008 260409suuuu hu o 000 hun d
040 |a BGE Dolgozattár Repozitórium  |b hun 
041 |a hu 
100 1 |a Szép Virág Csenge 
245 1 0 |a B2B marketingstratégiák a rendezvényszervezésben – Congressline Kft.  |c Szép Virág Csenge  |h [elektronikus dokumentum] 
516 |a Project_work 
520 3 |a Adolgozat célja, hogy bemutassa a B2B marketing sajátosságait a rendezvényszervezés területén, különös tekintettel a CongressLine Kft. gyakorlatára. A szakmai elméletek és gyakorlati példák alapján elemzem, hogyan szolgálják az üzleti rendezvények – például a szakmai konferenciák – a márkaépítést, az ügyfélkapcsolatok erősítését és a piaci versenyelőny kialakítását. A kutatás központi eleme a XXVIII. Országos Szülésznői Konferencia marketingstratégiája. 
695 |a B2B marketing 
695 |a marketingstratégia elemzés 
695 |a márkaépítés b2b környezetben 
695 |a rendezvénymarketing 
695 |a üzleti rendezvényszervezés 
700 1 |a Róbert Nóra  |e ths 
856 4 0 |u http://dolgozattar.uni-bge.hu/59775/1/szakdolgozat.pdf  |z Dokumentum-elérés 
856 4 0 |u http://dolgozattar.uni-bge.hu/59775/2/Sz%C3%A9p%20Vir%C3%A1g%20Csenge_Konzulens_R%C3%B3bert%20N%C3%B3ra.pdf  |z Dokumentum-elérés